Hoàn thiện hệ thống kiểm soát nội bộ tại phòng Tài chính - Kế hoạch thị xã Bến Cát, tỉnh Bình Dương
Chuyên ngành: Kế toán; Mã số:8340201; Ý kiến về việc sao chép tài liệu:đồng ý sao chép 20%; Ý kiến về việc chuyển dạng tài liệu ( từ giấy sang điện tử): đồng ý; TM tài liệu tham khảo sau phần kết luận; Luận văn Thạc sĩ Kế toán trườn...
Đã lưu trong:
| Hovedforfatter: | |
|---|---|
| Andre forfattere: | |
| Format: | Bog |
| Sprog: | Undetermined |
| Udgivet: |
Bình Dương
2018
|
| Fag: | |
| Online adgang: | http://lrc.tdmu.edu.vn/opac/search/detail.asp?aID=2&ID=34009 |
| Tags: |
Tilføj Tag
Ingen Tags, Vær først til at tagge denne postø!
|
| Thư viện lưu trữ: | Trung tâm Học liệu Trường Đại học Thủ Dầu Một |
|---|
| LEADER | 01807nam a2200205Ia 4500 | ||
|---|---|---|---|
| 001 | TDMU_34009 | ||
| 008 | 210410s9999 xx 000 0 und d | ||
| 082 | |a 895.9228408 | ||
| 090 | |b NG527 | ||
| 100 | |a Nguyễn, Trọng Nghĩa | ||
| 245 | 0 | |a Hoàn thiện hệ thống kiểm soát nội bộ tại phòng Tài chính - Kế hoạch thị xã Bến Cát, tỉnh Bình Dương | |
| 245 | 0 | |c Nguyễn Trọng Nghĩa; PGS.TS. Nguyễn Xuân Hưng (hướng dẫn) | |
| 260 | |a Bình Dương | ||
| 260 | |c 2018 | ||
| 300 | |a 59tr | ||
| 520 | |a Chuyên ngành: Kế toán; Mã số:8340201; Ý kiến về việc sao chép tài liệu:đồng ý sao chép 20%; Ý kiến về việc chuyển dạng tài liệu ( từ giấy sang điện tử): đồng ý; TM tài liệu tham khảo sau phần kết luận; Luận văn Thạc sĩ Kế toán trường ĐH Thủ Dầu Một, 2018; Luận văn gồm 3 chương. Chương 1 Cơ sở lý luận; Chương 2 Thực trạng hoạt động điều hành và quản lý tại phòng Tài chính - Kế hoạch thị xã Bến Cát, tỉnh Bình Dương; Chương 3 Hoàn thiện hệ thống kiểm soát nội bộ tại phòng tài chính - kế hoạch thị xã Bến Cát, Bình Dương | ||
| 650 | |a Luận văn; Kế toán |x Kiểm soát nội bộ |z Bến Cát (Bình Dương); Kiểm soát nội bộ |x Ngân sách nhà nước |z Bến Cát (Bình Dương) | ||
| 700 | |a Nguyễn Xuân Hưng | ||
| 856 | |u http://lrc.tdmu.edu.vn/opac/search/detail.asp?aID=2&ID=34009 | ||
| 980 | |a Trung tâm Học liệu Trường Đại học Thủ Dầu Một | ||